[Event "HUN-ch Rapid"]
[Site "Ajka"]
[Date "2022.07.15"]
[Round "1"]
[White "Hrubos, Viktor"]
[Black "Prohaszka, Peter"]
[Result "0-1"]
[WhiteElo "1890"]
[BlackElo "2570"]
[PlyCount "80"]
[EventDate "2022.07.15"]
[EventType "swiss (rapid)"]
[EventRounds "13"]
[EventCountry "HUN"]
[SourceTitle "CBM 209 Extra"]
[Source "ChessBase"]
[SourceDate "2022.09.30"]
[SourceVersion "1"]
[SourceVersionDate "2022.09.30"]
[SourceQuality "1"]

1. Nf3 d5 2. c4 e6 3. b3 Nf6 4. Bb2 c5 5. e3 Nc6 6. d3 d4 7. Be2 e5 8. Nbd2 h6 9. 0-0 Bd6 10. e4 Be6 11. Nh4 g6 12. g3 Bh3 13. Ng2 g5 14. f3 Qd7 15. Rf2 h5 16. Nf1 h4 17. g4 Nh7 18. Qd2 f6 19. Bc1 Nf8 20. a3 Ne6 21. Qb2 a6 22. Rb1 b5 23. Qc2 Rb8 24. Qa2 Kf8 25. Rb2 Kg7 26. Bd1 Rb7 27. Nfe3 dxe3 28. Nxe3 Ncd4 29. Rb1 Nf4 30. Bb2 Nxd3 31. Rd2 Nxb2 32. Rbxb2 Rhb8 33. cxb5 axb5 34. a4 c4 35. Rxd4 exd4 36. Nf5+ Kf8 37. bxc4 bxa4 38. Rxb7 Qxb7 39. Nxd6 Qb2 40. Qxb2 Rxb2 0-1

[Event "HUN-chT2 Asztalos 1819"]
[Site "Hungary"]
[Date "2018.10.28"]
[Round "1.2"]
[White "Hrubos, Viktor"]
[Black "Kadlicsko, Jozsef"]
[Result "0-1"]
[WhiteElo "1930"]
[BlackElo "2087"]
[PlyCount "76"]
[EventDate "2018.10.28"]
[EventType "team-tourn"]
[EventRounds "9"]
[EventCountry "HUN"]
[SourceTitle "CBM 189 Extra"]
[Source "ChessBase"]
[SourceDate "2019.06.03"]
[SourceVersion "1"]
[SourceVersionDate "2019.06.03"]
[SourceQuality "1"]
[WhiteTeam "Karmin"]
[BlackTeam "Kaposvar Bastya"]
[WhiteTeamCountry "HUN"]
[BlackTeamCountry "HUN"]

1. Nf3 Nf6 2. c4 g6 3. d4 Bg7 4. Nc3 0-0 5. e4 d6 6. h3 c6 7. Be3 Nbd7 8. Qd2 e5 9. Be2 a6 10. Rd1 Qe7 11. dxe5 dxe5 12. Qc2 Nh5 13. g3 Nc5 14. b4 Ne6 15. c5 a5 16. a3 axb4 17. axb4 Kh8 18. Na4 Qe8 19. Nb6 Ra3 20. Nc4 Rxe3 21. Nxe3 b5 22. cxb6 Qe7 23. Qa4 Nd4 24. Nc4 Nxe2 25. Kxe2 Bxh3 26. Nd6 Bg4 27. Qxc6 f5 28. exf5 gxf5 29. Qc7 Qe6 30. Rh4 e4 31. Kf1 Bxf3 32. Re1 Qa2 33. Qc4 Qd2 34. Nf7+ Rxf7 35. Qxf7 Nxg3+ 36. Kg1 Qxe1+ 37. Kh2 Qxf2+ 38. Kh3 Qg2# 0-1

[Event "HUN-chT2 Asztalos 1718"]
[Site "Hungary"]
[Date "2017.11.26"]
[Round "2.2"]
[White "Mohacsi, Andras J"]
[Black "Hrubos, Viktor"]
[Result "1/2-1/2"]
[WhiteElo "2198"]
[BlackElo "1902"]
[PlyCount "89"]
[EventDate "2017.10.29"]
[EventType "team-tourn"]
[EventRounds "9"]
[EventCountry "HUN"]
[SourceTitle "EXT 2021"]
[Source "ChessBase"]
[SourceDate "2020.10.23"]
[SourceVersion "1"]
[SourceVersionDate "2020.10.23"]
[SourceQuality "1"]
[WhiteTeam "Sarosd"]
[BlackTeam "Pecs Karmin"]
[WhiteTeamCountry "HUN"]
[BlackTeamCountry "HUN"]

1. e4 e6 2. d4 d5 3. Bd3 c5 4. c3 cxd4 5. cxd4 Nc6 6. Nf3 dxe4 7. Bxe4 Nf6 8. Bd3 Be7 9. Nc3 Nd5 10. 0-0 Bf6 11. Ne4 Bxd4 12. Nxd4 Nxd4 13. Qa4+ Nc6 14. Rd1 0-0 15. Bg5 Qc7 16. Rac1 Qe5 17. Bh4 f5 18. Nc3 Nb6 19. Qa3 Qf4 20. Bg3 Qh6 21. Bd6 Rf7 22. Nb5 Bd7 23. Bc5 Nd5 24. Nd6 Rf6 25. Nxb7 Ne5 26. Bd4 Nxd3 27. Qxd3 Rg6 28. Qf3 Rb8 29. Na5 Bb5 30. Be5 Re8 31. Rc5 a6 32. b3 Rg4 33. a4 Bd7 34. Rc4 Rg6 35. Nb7 Qg5 36. g3 h6 37. Nd6 Rf8 38. h4 Qd8 39. Kh2 Qb6 40. Rdc1 Rg4 41. R1c2 Rxc4 42. Nxc4 Qa7 43. Ne3 Nxe3 44. Qxe3 Qxe3 45. fxe3 1/2-1/2

[Event "HUN-chT2 Asztalos 1617"]
[Site "Hungary"]
[Date "2016.11.13"]
[Round "4.4"]
[White "Kadlicsko, Jozsef"]
[Black "Hrubos, Viktor"]
[Result "1-0"]
[WhiteElo "2122"]
[BlackElo "1887"]
[PlyCount "71"]
[EventDate "2016.09.25"]
[EventType "team-tourn"]
[EventRounds "11"]
[EventCountry "HUN"]
[SourceTitle "EXT 2021"]
[Source "ChessBase"]
[SourceDate "2020.10.23"]
[SourceVersion "1"]
[SourceVersionDate "2020.10.23"]
[SourceQuality "1"]
[WhiteTeam "Kaposvar Bastya"]
[BlackTeam "Pecs Karmin"]
[WhiteTeamCountry "HUN"]
[BlackTeamCountry "HUN"]

1. e4 Nc6 2. Nf3 d6 3. d4 Bg4 4. Be3 e5 5. d5 Nce7 6. Be2 f5 7. h3 Bxf3 8. Bxf3 fxe4 9. Bxe4 Nf6 10. f3 c6 11. c4 cxd5 12. cxd5 Qa5+ 13. Nc3 Rc8 14. 0-0 b5 15. a3 a6 16. Qd3 g6 17. Rfc1 Kf7 18. b4 Qd8 19. a4 bxa4 20. Rxa4 Bg7 21. Rxa6 Qd7 22. Rc2 Nf5 23. Ra7 Rc7 24. Rxc7 Qxc7 25. Nb5 Qb8 26. Rc7+ Kf8 27. Ba7 Qd8 28. Bxf5 gxf5 29. Qc4 Ne8 30. Rc8 Qd7 31. Nxd6 Ke7 32. Nb5 Nd6 33. Nxd6 Qxa7+ 34. Kh2 Kf6 35. Rc6 Qf2 36. Ne4+ 1-0

[Event "HUN-chT2 Asztalos 1314"]
[Site "Hungary"]
[Date "2014.04.27"]
[Round "9"]
[White "Kiraly, Mate"]
[Black "Hrubos, Viktor"]
[Result "1-0"]
[WhiteElo "1821"]
[BlackElo "1826"]
[PlyCount "103"]
[EventDate "2013.09.08"]
[EventType "team-tourn"]
[EventRounds "9"]
[EventCountry "HUN"]
[SourceTitle "EXT 2016"]
[Source "ChessBase"]
[SourceDate "2015.10.08"]
[SourceVersion "1"]
[SourceVersionDate "2015.10.08"]
[SourceQuality "1"]
[WhiteTeam "Marcali"]
[BlackTeam "Pecs Karmin"]
[WhiteTeamCountry "HUN"]
[BlackTeamCountry "HUN"]

1. e4 b6 2. Nc3 Bb7 3. Nf3 e6 4. d3 Nf6 5. Bg5 Be7 6. Be2 0-0 7. Qd2 d5 8. e5 Nfd7 9. Bxe7 Qxe7 10. d4 a6 11. Nd1 c5 12. c3 Nc6 13. Ne3 Rac8 14. 0-0 f6 15. Ng4 fxe5 16. Ngxe5 Ndxe5 17. Nxe5 Nxe5 18. dxe5 Rf5 19. f4 Qc7 20. Bg4 g6 21. Bxf5 gxf5 22. Rf3 h6 23. Rg3+ Kh7 24. Qe2 Qf7 25. Rd1 Rg8 26. Rdd3 Rxg3 27. Rxg3 c4 28. Qe3 Qc7 29. Rh3 Qc5 30. Qxc5 bxc5 31. Rg3 Bc6 32. Kf2 d4 33. cxd4 cxd4 34. Ke2 Bb5 35. Kd2 Ba4 36. b3 Bb5 37. a4 c3+ 38. Kc2 Be2 39. b4 Bf1 40. Rd3 Bxg2 41. Rxd4 Bc6 42. a5 Kg6 43. Kxc3 Kf7 44. Rd6 Bb5 45. Kd4 Ke7 46. Kc5 h5 47. Rb6 Bd3 48. b5 axb5 49. Rxb5 Kd7 50. Rb6 Be4 51. a6 Bd5 52. Rd6+ 1-0

[Event "HUN-chT2 Asztalos 1314"]
[Site "Hungary"]
[Date "2014.04.13"]
[Round "8"]
[White "Horvath, Csaba4444"]
[Black "Hrubos, Viktor"]
[Result "1/2-1/2"]
[WhiteElo "1807"]
[BlackElo "1826"]
[PlyCount "31"]
[EventDate "2013.09.08"]
[EventType "team-tourn"]
[EventRounds "9"]
[EventCountry "HUN"]
[SourceTitle "EXT 2016"]
[Source "ChessBase"]
[SourceDate "2015.10.08"]
[SourceVersion "1"]
[SourceVersionDate "2015.10.08"]
[SourceQuality "1"]
[WhiteTeam "Szentlorinc"]
[BlackTeam "Pecs Karmin"]
[WhiteTeamCountry "HUN"]
[BlackTeamCountry "HUN"]

1. c4 Nf6 2. Nc3 c6 3. g3 d5 4. cxd5 Nxd5 5. Bg2 Nxc3 6. bxc3 Bf5 7. Nf3 Nd7 8. 0-0 e6 9. d3 Qa5 10. Bd2 Be7 11. Nd4 Bf6 12. Nxf5 Qxf5 13. Qc2 Nb6 14. Be4 Qh3 15. Bg2 Qf5 16. Be4 1/2-1/2